Hepburn Movies Quiz Stats

 Plays Quiz not verified by Sporcle

Challenge
Share
Tweet
Embed
Score 0/19 Timer 04:00
0 Plays Today
% Correct
BREAKFAST AT TIFFANY'S
97.8%
SABRINA
97.3%
ROMAN HOLIDAY
96.1%
MY FAIR LADY
95.1%
FUNNY FACE
93%
CHARADE
92.3%
THE NUN'S STORY
89.8%
WAIT UNTIL DARK
86.4%
PARIS WHEN IT SIZZLES
85.9%
HOW TO STEAL A MILLION
85.1%
% Correct
THE CHILDREN'S HOUR
81.1%
ROBIN AND MARIAN
81.1%
WAR AND PEACE
81.1%
LOVE IN THE AFTERNOON
78.7%
TWO FOR THE ROAD
76%
GREEN MANSIONS
64.8%
ALWAYS
62.5%
THE UNFORGIIVEN
56.3%
BLOODLINE
52.8%

You're not logged in!

Compare scores with friends on all Sporcle quizzes.
OR
Log In

You Might Also Like...

Show Comments

Extras

Top Quizzes Today


Score Distribution

Your Account Isn't Verified!

In order to create a playlist on Sporcle, you need to verify the email address you used during registration. Go to your Sporcle Settings to finish the process.

Report this User

Report this user for behavior that violates our Community Guidelines.

Details: